000 00557nam 22002053 4500
001 198117
010 _a978-989-749-165-8
021 _aPT
_b507299/22
090 _a198117
100 _a20250925d u||y0pory50 ba
200 _aO pirilampo muito só
_fEric Carle
205 _a
210 _aMatosinhos
_cKalandraka
_d2023
215 _a[28] p.
_cil. ; cartonado
_d13 cm
606 _947
_aLiteratura Infantil Americana
675 _a821.111(73)-93
_vPT
_zpor
700 _999
_aCarle
_bEric
_f1929-2021
801 _aPT
_bBMMN
_gRPC
830 _cIsabel
990 _cLIVROS